| 000 | 00373nam a22001337a 4500 | ||
|---|---|---|---|
| 082 |
_a891.4391 _bIQB |
||
| 100 |
_aMuhammad Iqbal Dr _946061 |
||
| 245 | _aZarb-e-kaleem Aur Arma Aane-Hijazi (Urdu)/ | ||
| 260 |
_aLahore: _bNear Asad Printers Lahore; _cc1997 |
||
| 300 |
_a144p,; _c18cm |
||
| 526 |
_a0 _b0 _c0 _d891_439100000000000_IQB |
||
| 650 |
_aMCE _9379 |
||
| 942 |
_2ddc _cBK |
||
| 999 |
_c549404 _d549404 |
||